ՀՀ Գիտությունների ազգային ակադեմիայի հիմնարար գիտական գրադարան  =   Fundamental Scientific Library of NAS RA

Речь и развитие восприятия в раннем возрасте / (Record no. 503842)

MARC details
000 -LEADER
fixed length control field 00813nam a2200217 a 4500
001 - CONTROL NUMBER
control field 000702475
003 - CONTROL NUMBER IDENTIFIER
control field AM-YeHGA
005 - DATE AND TIME OF LATEST TRANSACTION
control field 20250617163246.0
008 - FIXED-LENGTH DATA ELEMENTS--GENERAL INFORMATION
fixed length control field 091209s1948 ||||||||||||||||||||rus d
040 ## - CATALOGING SOURCE
Original cataloging agency AM-YeHGA
041 0# - LANGUAGE CODE
Language code of text/sound track or separate title rus
090 ## - LOCALLY ASSIGNED LC-TYPE CALL NUMBER (OCLC); LOCAL CALL NUMBER (RLIN)
-- 507259
100 1# - MAIN ENTRY--PERSONAL NAME
Personal name Розенгарт-Пупко, Г. Л.
245 10 - TITLE STATEMENT
Title Речь и развитие восприятия в раннем возрасте /
Statement of responsibility, etc. Г. Л. Розенгарт-Пупко; АМН СССР, Ин-т педиатрии .
260 ## - PUBLICATION, DISTRIBUTION, ETC.
Place of publication, distribution, etc. Москва :
Name of publisher, distributor, etc. Изд-во АМН СССР,
Date of publication, distribution, etc. 1948.
300 ## - PHYSICAL DESCRIPTION
Extent 199 с. :
Other physical details ил.
650 14 - SUBJECT ADDED ENTRY--TOPICAL TERM
Topical term or geographic name entry element Физиология
650 14 - SUBJECT ADDED ENTRY--TOPICAL TERM
Topical term or geographic name entry element Педиатрия
650 14 - SUBJECT ADDED ENTRY--TOPICAL TERM
Topical term or geographic name entry element Голос. Речь
710 2# - ADDED ENTRY--CORPORATE NAME
Corporate name or jurisdiction name as entry element Академия медицинских наук СССР
Subordinate unit Институт педиатрии
Holdings
Withdrawn status Lost status Damaged status Not for loan Collection Home library Current library Date acquired Total checkouts Full call number Barcode Date last seen Price effective from Koha item type Public note
        General Fundamental Scientific Library Fundamental Scientific Library 30/01/2019   РД II/35628 FL0546829 30/01/2019 30/01/2019 Գրքեր / Books 30 Days Loan


ՀՀ ԳԱԱ հիմնարար գիտական գրադարան
ՀՀ,Երևան 0019
Մարշալ Բաղրամյան 24/6
հեռախոս:(374-10) 52-47-50
Հետադարձ կապ

All site content, except where otherwise noted, is licensed under a
Creative Commons License